Statistiques concernant Marques de voitures: Forza Horizon 5

Cliquez ici pour prendre le quiz!

Statistiques générales

  • Ce quiz a été pris 264 fois
    (247 depuis la dernière actualisation)
  • Le résultat moyen est 25 sur 97

Statistiques - réponses

Marques% Correct
Ferrari
83%
Lamborghini
83%
BMW
82%
Audi
81%
Renault
79%
Bugatti
73%
Peugeot
71%
Porsche
71%
Ford
69%
Aston-Martin
67%
Mercedes-Benz
65%
Toyota
61%
Alpine
55%
Chevrolet
55%
Nissan
52%
Dodge
51%
Volkswagen
51%
Bentley
49%
Mclaren
48%
Honda
45%
Koenigsegg
45%
Mercedes-AMG
45%
Maserati
43%
Acura
41%
Pagani
40%
Jaguar
37%
Opel
37%
Cadillac
35%
GMC
35%
Mazda
35%
Jeep
33%
Land Rover
33%
Mini
33%
Mitsubishi
33%
Subaru
33%
Volvo
33%
Zenvo
32%
Hyundai
31%
Lexus
27%
Lotus
27%
Ariel
25%
AMC
23%
Hoonigan
23%
KTM
23%
Apollo
22%
Buick
22%
Formula Drift
21%
Shelby
18%
Hummer
17%
Infiniti
17%
Rimac
17%
Pontiac
16%
Hennessey
15%
Hot Wheels
15%
RAM
15%
Holden
14%
TVR
13%
Ascari
11%
Auto Union
11%
BAC
11%
MG
11%
Vauxhall
11%
Alumi
10%
Caterham
9%
Delorean
9%
Donkervoort
9%
HSV
9%
Peel
9%
Saleen
9%
Datsun
8%
Lola
7%
Morgan
7%
Mosler
7%
Willis
6%
Austin-Healey
5%
Can-Am
5%
Deberti
5%
Exomotive
5%
Plymouth
5%
Reliant
5%
Vuhl
5%
Italdesign
4%
Meyers
4%
Polaris
4%
AMG Transport Dynamics
3%
Funco Motorsports
3%
Local Motors
3%
Mercury
3%
Radical
3%
RAESR
3%
Forsberg Racing
2%
Napier
2%
International Scout
1%
RJ Anderson
1%
Sierra Cars
1%
Minor
0%
Penhall
0%

Distribution des résultats

Percentile par nombre de réponses

% des personnes avec chaque résultat

Votre développement - résultats

Vous n’avez pas pris ce quiz depuis la dernière actualisation